Petua membantu anak untuk berjaya [ Dato' Dr. Haji Mohd Fadzilah Kamsah

General viewing for all ages (U)

Bibliographic Details
Main Author: Roslan Mustafa
Format: Book
Published: Kuala Lumpur : Telaga Biru Sdn Bhd , 2003
Subjects:

MARC

LEADER 00000cam a2200000 7i4500
001 0000085415
005 20100702.0
090 0 0 |a 370.154   |b MOH 
100 0 |a Roslan Mustafa 
245 1 0 |a Petua membantu anak untuk berjaya [  |h cd audio] :   |b Dato' Dr. Haji Mohd Fadzilah Kamsah   |c Roslan Mustafa 
260 |a Kuala Lumpur :   |b Telaga Biru Sdn Bhd ,   |c 2003 
300 |a 1 CD audio (45 minutes) 
500 |a Library has 2 copies 
520 0 |a General viewing for all ages (U) 
650 0 0 |a Achievement motivation 
650 0 0 |a Motivation in education 
999 |a AV 09041   |b VIDEO COMPACT DISC   |c PINJAMAN   |e PERPUSTAKAAN KOMUNITI PETALING JAYA 
999 |a AV 09042   |b VIDEO COMPACT DISC   |c PINJAMAN   |e PERPUSTAKAAN KOMUNITI PETALING JAYA